LEADER 01273nam a2200265 i 4500 001 000000107281 003 CaOOAMICUS 005 20071002102718.0 008 071002s1967 gw 000 u ger c 040 $aPUG$bita$dPUL$dLDB 041 1 $ager$acop$hcop 130 0 $aApocrypha.$pN.T.$lTedesco$kGruppi, scelte.$0(OLS)http://pul/title/135095 245 14$aDas Evangelium nach Thomas :$bKoptisch und Deutsch /$cJohannes Leipoldt. 260 $aBerlin :$bAkademie-Verlag,$c1967. 300 $a77 p. ;$c24 cm 490 1 $aTexte und Untersuchungen zur Geschichte der altchristlichen Literatur ;$v101 700 1 $aLeipoldt, Johannes,$d1880-1965.$0(OLS)http://pul/name/6935 730 0 $aApocrypha$pN.T.$lCopto$kGruppi, scelte.$0(OLS)http://pul/title/135096 830 0$aTexte und Untersuchungen zur Geschichte der altchristlichen Literatur ;$v101.$0(OLS)http://pul/title/1074 850 $aPUL 852 $aPUL$W1$xSL Religione 1$y3$m24 I 101$j121901$qStampati$B120889$CPULBib$Z2$F120889 $H50067 $82 941 1 $a8 961 $aSta con AN 107279 ; AN 24035 ; AN 107281 996 $6245$aDas Evangelium nach Thomas :$bKoptisch und Deutsch$9(OLS)http://pul/title/135093 996 $6260$aBerlin :$bAkademie-Verlag$9(OLS)http://pul/publisher/47843 LEADER 01252nam a2200277 a 4500 001 000000171398 003 CaOOAMICUS 005 20190128102324.0 008 190128t2018 it u000 u ita u 020 $a978-88-13-35877-8* 032 $aLibriCat 040 $aPUL$bita 100 1 $aDi Stasi, Angela.$0(OLS)http://pul/name/87145 245 00$aIntroduzione alla convenzione europea dei diritti dell'uomo e delle libertą fondamentali /$cAngela Di Stasi. 260 $aMilanofiori Assago :$bWolters Kluwer,$c©2018. 300 $aXVI, 200 p.;$c24 cm 504 $aBibliografia in nota. 650 4$aDiritti umani$zEuropa.$0(OLS)http://pul/subject/25882 650 4$aDiritti umani$xTutela internazionale.$0(OLS)http://pul/subject/20165 850 $aPUL 852 $aPUL$W1$xSL Diritto e Scienze Sociali 3$y79$m341. 4 DISAN 1$j195089$qDDC 21$B199989$CPULBib$Z2$F199989 $H132130 $81 941 1 $a9 996 $6020$a978-88-13-35877-8*$9(OLS)http://pul/number/165658 996 $6245$aIntroduzione alla convenzione europea dei diritti dell'uomo e delle libertą fondamentali$9(OLS)http://pul/title/212217 996 $6260$aMilanofiori Assago :$bWolters Kluwer$9(OLS)http://pul/publisher/81463